Quantitative Social Science An Introduction in Stata

Saved in:
Bibliographic Details
Main Author: Imai, Kosuke
Other Authors: Bougher, Lori D.
Format: Book
Language:English
Published: Princeton Princeton University Press 2021
Subjects:
Tags: Add Tag
No Tags, Be the first to tag this record!

MARC

LEADER 00000nam a2200000 4500
001 0299118
005 20240419144015.4
020 |a 9780691191096 
020 |a 9780691191089 
041 0 |a eng 
044 |a US 
245 1 0 |a Quantitative Social Science  |b An Introduction in Stata  |c Kosuke Imai, Lori D. Bougher 
264 1 |a Princeton  |b Princeton University Press  |c 2021 
300 |a 441 s. 
610 2 0 |a výskum kvantitatívny 
610 2 0 |a spracovanie dát 
610 2 0 |a regresia 
610 2 0 |a pravdepodobnosť 
610 2 0 |a testovanie hypotéz 
100 1 |a Imai, Kosuke 
700 1 |a Bougher, Lori D.